Taylor Swift song - one word at the time #11 - Statistics

General Stats
  • This quiz has been taken 25 times
  • The average score is 388 of 477
Answer Stats
Answer % Correct
a
100%
And
95%
and
95%
Cause
95%
Cause
95%
do
95%
I
95%
the
95%
we
95%
we'd
95%
You
95%
you
95%
you're
95%
you've
95%
1989
90%
baby
90%
Baby
90%
bad
90%
be
90%
it
90%
love
90%
So
90%
so
90%
think
90%
to
90%
blood
86%
can
86%
Did
86%
did
86%
got
86%
in
86%
me
86%
now
86%
Now
86%
on
86%
was
86%
all
81%
All
81%
could
81%
don't
81%
if
81%
If
81%
it's
81%
know
81%
look
81%
that
81%
this
81%
time
81%
what
81%
What
81%
Where
81%
your
81%
at
76%
Bad Blood
76%
done
76%
for
76%
good
76%
I'm
76%
mad
76%
my
76%
Oh
76%
sad
76%
take
76%
about
71%
but
71%
deep
71%
em
71%
just
71%
like
71%
problems
71%
really
71%
solve
71%
thinking
71%
used
71%
with
71%
back
67%
cut
67%
have
67%
hey
67%
made
67%
of
67%
times
67%
you're
67%
fix
62%
from
62%
hit
62%
live
62%
past
62%
say
62%
show
62%
trusted
62%
up
62%
Bandaids
57%
bullet
57%
cold
57%
couldn't
57%
fine
57%
ghosts
57%
(ghosts)
57%
holes
57%
last
57%
runs
57%
sorry
57%
they
57%
weak
57%
breathe
52%
coming
52%
heal
52%
knife
52%
right
52%
ruin
52%
rusted
52%
shiny
52%
Still
52%
These
52%
these
52%
way
52%
won't
52%
wound
52%
kind
48%
laughing
48%
rub
48%
scars
48%
things
48%
through
48%
will
48%
wounds
48%
catch
43%
Salt
43%
Hm
14%
No matching quizzes found
Score Distribution
Percent of People with Each Score
Percentile by Number Answered
Your Score History
You have not taken this quiz